[Event "The Asheboro Open XIX"]
[Site "?"]
[Date "2006.12.09"]
[Round "1"]
[White "Styers, Stephen"]
[Black "Marsh, Matt"]
[Result "0-1"]
[WhiteElo "1672"]
[BlackElo "1846"]
[Annotator "Fritz 9 (30s)"]
[PlyCount "52"]
[SourceDate "2006.11.11"]

{B25: Closed Sicilian: 3 g3, lines without early Be3} 1. Nf3 Nf6 2. d3 g6 3. g3
Bg7 4. e4 d6 5. Bg2 O-O 6. Nc3 c5 7. O-O Nc6 8. Bg5 a6 (8... b6 9. Re1 Nd7 10.
Be3 Nde5 11. Nh4 b5 12. a3 Rb8 13. h3 a5 14. Qd2 Nd4 15. Bxd4 cxd4 16. Ne2 Qb6
17. b3 Bd7 18. f4 Nc6 19. g4 e6 20. Ng3 Rbc8 21. Qf2 Qd8 22. Nf3 e5 23. f5 {
Peelen,P (2375)-Hoffmann,M (2465)/Groningen 1991/CBM 026 ext/0-1 (39)}) 9. Re1
(9. Qd2 b5 10. e5 Ne8 11. exd6 Nxd6 12. Ne5 Nxe5 13. Bxa8 Bh3 14. Bg2 Bxg2 15.
Kxg2 Qa8+ 16. f3 Nf5 17. Bf4 Nc6 18. Rab1 Ncd4 19. Ne4 Qd5 20. c3 Ne6 21. Be3
h6 22. a3 g5 23. Rfd1 Nxe3+ {
Koivistoinen,T-Kemppainen,T/Helsinki 2001/EXT 2002/1-0 (38)}) 9... Nd4 $146 (
9... Bg4 10. Qd2 b5 11. e5 Nh5 12. exd6 Qxd6 13. Rab1 Nf6 14. Ne4 Nxe4 15. Rxe4
Bf5 16. Re2 Rfe8 17. b3 Rac8 18. Rbe1 b4 19. Qe3 Kf8 20. Bh6 Bg4 21. h3 Bxf3
22. Bxf3 Nd4 23. Bxg7+ Kxg7 24. Rd2 {
Schulz,A-Meiler,J/Burg Stargard 1995/EXT 2001/1-0 (75)}) (9... b5 10. Bxf6 Bxf6
11. Nd5 Bxb2 12. Rb1 Bg7 13. Ng5 e6 14. Nf4 Qxg5 15. h4 Qd8 16. c4 Rb8 17. Bh3
e5 18. Nd5 Bxh3 19. Kh2 Be6 20. Qc2 Nd4 21. Qb2 Nf3+ 22. Kg2 Nxe1+ 23. Rxe1
bxc4 24. Qd2 {Braun,K-Fuchs,J/Ueberlingen 2000/EXT 2001/0-1 (35)}) 10. Nxd4
cxd4 {Black has new doubled pawns: d4+d6} 11. Ne2 {
White threatens to win material: Ne2xd4} h6 {
Black threatens to win material: h6xg5} 12. Bd2 e5 13. Qc1 Kh7 14. f4 {
The typical lever} (14. c3 dxc3 15. bxc3 Be6 $11) 14... Be6 15. f5 $2 (15. Rf1
$142 $11 {would keep White in the game}) 15... gxf5 $19 16. exf5 Bxf5 17. Bxb7
Ra7 (17... Rb8 $5 18. Bg2 Qd7 $19) 18. Bg2 $17 Qb6 19. Rf1 Bg6 20. Kh1 (20. b4
$5 $17) 20... Rc7 $19 21. Bh3 $4 {simply worsens the situation} (21. Qb1 $142
$19) 21... Bxd3 $3 {a sacrifice that ends the game} 22. Bf5+ (22. cxd3 {
A pinning theme} Rxc1 {Eliminates the defender c1}) 22... Bxf5 23. Rxf5 Qc6+
24. Kg1 Qxc2 (24... Qe4 $142 {seems even better} 25. Rf2 Rxc2 26. Qe1 Rxb2 27.
Nc1 $19) 25. Qxc2 (25. Rf1 {is no salvation} Ne4 26. Bb4 f5 $19) 25... Rxc2 26.
Rd1 Ne4 (26... Ne4 27. Nxd4 exd4 $19 (27... Nxd2 {succumbs to} 28. Nxc2 Ne4 29.
Ne3 $16)) 0-1

[Event "The Asheboro Open XVIII"]
[Site "?"]
[Date "2006.11.11"]
[Round "?"]
[White "Gorbounov, Alexei"]
[Black "Lang, Jonathan"]
[Result "1-0"]
[WhiteElo "2003"]
[BlackElo "1693"]
[Annotator "Fritz 9 (30s)"]
[PlyCount "89"]
[SourceDate "2006.11.11"]

{D15: Slav Defence: 4 Nc3 a6 and gambit lines after 4 Nc3 dxc4} 1. d4 d5 2. c4
c6 3. Nc3 Nf6 4. Nf3 dxc4 5. e4 b5 6. Ne5 Bb7 7. g4 $146 (7. a4 a6 8. b3 Qa5 9.
Bd2 b4 10. Nxc4 Qd8 11. Ne2 e6 12. Bg5 Be7 13. e5 Nd5 14. Nd6+ Kf8 15. Nxb7 Qb6
16. Bxe7+ Kxe7 17. Nc5 Rd8 18. Qc2 h6 19. Rc1 Ra7 20. g3 Nd7 21. Nxd7 Kxd7 {
Kagas,K (2168)-Tsialas,P/Korinthos 2004/CBM 101 ext/1-0 (31)}) (7. Be2 e6 8.
Bg5 Be7 9. Bxf6 Bxf6 10. Nf3 Nd7 11. O-O Nb6 12. b3 b4 13. bxc4 bxc3 14. c5 Nd7
15. e5 Be7 16. Qb3 Qc7 17. Rab1 Rb8 18. Qxc3 O-O 19. Bc4 Ba8 20. Rbd1 Qb7 21.
Nd2 Qb2 {Balogh,M (2248)-Kaniansky,M (2189)/Slovakia 2000/EXT 2002/1-0 (43)}) (
7. Be2 $142 $5 $11 {should not be overlooked}) 7... e6 8. Bg2 Nfd7 9. Nxd7 Nxd7
10. O-O Be7 11. e5 {White gains space} Qb6 12. Be3 (12. f4 $5 $17) 12... c5 $19
13. Ne4 Bd5 (13... Bxe4 $142 14. Bxe4 Rd8 $19) 14. dxc5 $11 Qc6 15. Qd4 $4 (15.
Nd6+ $142 $5 {is worthy of consideration} Bxd6 16. Bxd5 exd5 17. exd6 $11 (17.
cxd6 $143 Nxe5 18. Bd4 f6 $17 (18... Qxd6 $4 {
taking the pawn will bring Black grief} 19. Bxe5 Qd7 20. Bxg7 $18))) 15... Bxc5
$1 {keeping the advantage} 16. Nxc5 {Exploits the pin} (16. Qxc5 Nxc5) 16...
Bxg2 17. Rfd1 Nxc5 18. Qxc5 Qxc5 19. Bxc5 Bd5 20. a4 bxa4 21. Rxa4 a6 22. Rda1
Kd7 23. Rxa6 Rxa6 {Black has a mate threat} 24. Rxa6 Ra8 25. Rd6+ {
Here comes the goal-getter} (25. Rxa8 Bxa8 26. f4 f5 $11) 25... Kc7 26. f4 Ra1+
27. Kf2 Rb1 {Black threatens to win material: Rb1xb2} 28. Bb6+ Kb7 29. Bd4 Bc6
30. f5 exf5 31. gxf5 Kc7 (31... Rd1 32. Rd8 $11) 32. Bc3 (32. f6 gxf6 33. Rxf6
Bd5 $14) 32... Ra1 (32... Rh1 $5 $11 {is noteworthy}) 33. Rd4 $14 {
White threatens to win material: Rd4xc4} Rh1 {
Black threatens to win material: Rh1xh2} 34. Rh4 h6 35. Kg3 (35. f6 $5 gxf6 36.
exf6 $16) 35... Rg1+ $11 36. Kf2 Rg5 (36... Rh1 $5 $11 {must be considered})
37. f6 $14 gxf6 38. exf6 h5 39. Ke3 Bb5 (39... Bd5 40. Kf4 Rg4+ 41. Rxg4 hxg4
42. Kxg4 Be6+ 43. Kg3 $14) 40. Kf4 {White threatens to win material: Kf4xg5} (
40. Re4 Rd5 $16) 40... Rd5 41. Be5+ Kd7 42. Rxh5 Ke6 43. Rg5 Rd2 {
Black threatens to win material: Rd2xh2} 44. Bc3 {
White threatens to win material: Bc3xd2. In the style of Nimzovich} Rxh2 $4 {
the position is going down the drain.} (44... Rd5 $142 $16) 45. Rxb5 $18 (45.
Rxb5 Kd6 46. Kg5 $18) 1-0

[Event "The Asheboro Open XVIII"]
[Site "?"]
[Date "2006.11.11"]
[Round "?"]
[White "Gorbunov, Alexei"]
[Black "Tiselsky, Eugene"]
[Result "0-1"]
[WhiteElo "2003"]
[BlackElo "1750"]
[Annotator "Fritz 9 (30s)"]
[PlyCount "74"]
[EventDate "2006.11.11"]
[SourceDate "2006.11.11"]

{B30: Sicilian: 2...Nc6 3 Bb5, lines without ...g6} 1. e4 c5 2. Nf3 Nc6 3. b4
cxb4 4. a3 e6 5. axb4 Bxb4 6. c3 (6. Bb2 Nf6 7. e5 Nd5 8. Bb5 O-O 9. O-O Be7
10. d4 Nc7 11. Bd3 Nb4 12. Be2 b5 13. Nc3 a6 14. Ne4 Nbd5 15. Nfd2 Bb7 16. Bf3
Bc6 17. Nb3 Nb6 18. Na5 Bd5 19. Qd2 Nc4 20. Nxc4 Bxc4 {
Rogulj,B (2460)-Bellin,R (2440)/Lodz 1980/MCD/1-0 (35)}) 6... Ba5 7. d4 d5 8.
e5 a6 $146 {Secures b5} (8... Nge7 9. Bd3 Qc7 10. O-O O-O 11. Bxh7+ Kxh7 12.
Ng5+ Kg8 13. Qh5 Rd8 14. Ba3 Bb4 15. Qxf7+ Kh8 16. Bxb4 Nxb4 17. cxb4 Qd7 18.
Ra3 Nf5 19. Rh3+ Nh6 20. Qg6 Kg8 21. Rxh6 Re8 22. Rh8+ {
1-0 Becuwe,O (2120)-Breton,B (1960)/Champagne Ardenne 2001/EXT 2005}) 9. Bd3 b5
10. O-O {White castles and improves king safety} Bb7 11. Ba3 (11. Ng5 Qd7 $14)
11... Qd7 (11... Nge7 12. Nfd2 $11) 12. Nfd2 $14 Bb6 13. Nb3 Na5 14. Nxa5 Bxa5
15. Qg4 f5 {Black threatens to win material: f5xg4} 16. Qh3 Bd8 17. g4 (17. Nd2
$5 $14 {is interesting}) 17... g6 (17... Nh6 18. gxf5 Nxf5 19. Nd2 $15) 18.
gxf5 $11 gxf5 19. Be2 Qg7+ 20. Kh1 Ne7 21. Rg1 {
White threatens to win material: Rg1xg7} Ng6 22. Nd2 Be7 (22... Rg8 $5 $11 {
should not be overlooked}) 23. Nb3 (23. Bxe7 Kxe7 24. Nb3 Rac8 $16) 23... O-O-O
(23... Bxa3 24. Rxa3 Rc8 25. Bh5 $14) 24. Bf3 (24. Bxe7 $5 Qxe7 25. Nc5 $16)
24... Bxa3 $14 25. Rxa3 Qe7 {Black threatens to win material: Qe7xa3} 26. Nc5 {
White threatens to win material: Nc5xa6. The white knight on an outpost} (26.
Rga1 Rdg8 27. Nc5 Nf4 $18) 26... Rhg8 (26... Nxe5 27. Rga1 Nc4 28. Rxa6 Bxa6
29. Rxa6 $14) 27. Rga1 Nf4 {Black threatens to win material: Nf4xh3} 28. Qh6 {
White threatens to win material: Qh6xf4} (28. Qf1 $142 Qh4 29. Rxa6 $14 (29.
Nxa6 $143 Qh3 30. Qxh3 Nxh3 $17) (29. Nxb7 $143 Nh3 30. Bg2 Nxf2+ 31. Kg1 Nh3+
32. Kh1 Nf2+ 33. Kg1 Nh3+ 34. Kh1 Nf2+ $11)) 28... Rg5 $4 (28... Qg5 $142 {
saving the game} 29. Qxg5 Rxg5 30. Nxb7 Kxb7 $11) 29. Nxb7 $18 Nd3 30. R1a2 (
30. Bg2 $142 {and White has prevailed} Nxf2+ 31. Kg1 Rxg2+ 32. Kxg2 $18) 30...
Kxb7 31. Rb3 $4 {what a pity, victory was in sight} (31. h4 $142 {
had to be tried to avoid defeat} Rg6 32. Rxa6 Nxf2+ 33. Kh2 Rxh6 34. Ra7+ Kb8
35. Ra8+ Kc7 36. R8a7+ Kb8 37. Ra8+ Kb7 38. R8a7+ Kb8 $11) 31... Rg6 (31... Nc1
$142 {finishes off the opponent} 32. Qf6 Qxf6 33. exf6 Nxb3 $19) 32. Qd2 Qg5
33. Qxd3 $4 {a blunder in a bad position} (33. Qxg5 Rxg5 34. h4 $19) 33... Rdg8
(33... Qg1#) 34. Rxb5+ $4 {cause more grief.} (34. Qxb5+ $142 axb5 35. Rxb5+
Kc8 36. Rc5+ Kd8 37. Ra8+ Kd7 38. Ra7+ Ke8 39. Rc8+ Qd8 40. Rxd8+ Kxd8 41. h4
$15) 34... Kc7 35. Rc5+ (35. Qc4+ {does not improve anything} dxc4 36. Rc5+ Kd8
37. Bg4 Qc1+ 38. Kg2 Rxg4+ 39. Kf3 Rf4+ 40. Ke2 Re4+ 41. Kf3 Qxc3#) 35... Kd7 (
35... Kd8 36. Rc8+ Kd7 37. Rc7+ Kxc7 38. Bg4 Qxg4 39. Qg3 Qe4+ 40. Kg1 f4 41.
Kf1 Qb1+ 42. Ke2 Qxa2+ 43. Kd3 Qb1+ 44. Kd2 Rb8 45. Qxf4 Rb2+ 46. Ke3 Qe1+ 47.
Kd3 Qe2#) 36. Qb5+ $19 axb5 37. Ra7+ Ke8 {The game proceeded for a few more
moves which were not included on the score sheet--TH} (37... Ke8 38. Rc8+ Qd8
39. Rxd8+ Kxd8 $19) 0-1

[Event "The Asheboro Open XVI"]
[Site "?"]
[Date "2006.09.09"]
[Round "1"]
[White "Lang, Jonathan"]
[Black "Jacobs, Ambrose"]
[Result "1/2-1/2"]
[WhiteElo "1561"]
[BlackElo "1730"]
[Annotator "Fritz 9 (30s)"]
[PlyCount "47"]
[SourceDate "2006.11.11"]

{E67: King's Indian: Fianchetto: 6...Nbd7} 1. Nf3 g6 2. d4 Bg7 3. c4 d6 4. g3
Nd7 5. Bg2 Ngf6 6. Nc3 O-O 7. e4 e5 8. d5 Nc5 9. Qc2 a5 10. Be3 {
White has an active position} Ng4 $146 (10... Qe7 11. h3 Bd7 12. Nd2 Ne8 13.
Nb3 b6 14. Nxc5 dxc5 15. Qd2 Nd6 16. b3 f5 17. a4 f4 18. gxf4 exf4 19. Bxf4
Bxc3 20. Qxc3 Rxf4 {0-1 Gobe,P-Deunette,P/France 1989/TD}) (10... b6 11. O-O
Ng4 12. Bxc5 bxc5 13. h3 Nh6 14. Nd2 f5 15. f3 Qg5 16. Kh2 f4 17. g4 Qe7 18.
Ne2 Bf6 19. b3 Bh4 20. Qd3 Nf7 21. Kg1 Ng5 22. a4 h5 23. Ra2 Qh7 24. Rc1 Rf7
25. Rc3 {Lagha,K-Ivkov,B (2520)/Munich 1958/MCD/0-1 (31)}) (10... Ne8 11. O-O
f5 12. exf5 Bxf5 13. Qd2 Qe7 14. Bxc5 dxc5 15. Qe2 Nd6 16. Nd2 Rae8 17. Nde4
Nxe4 18. Nxe4 Bxe4 19. Qxe4 Qd6 20. Bh3 Kh8 21. Rfe1 Rd8 22. Re3 Qf6 23. Rf1
Qd6 24. Rb3 b6 25. Be6 {Zelba,M-Koller,J/Neumuenster 1999/EXT 2000/1/2-1/2}) (
10... Nfd7 11. O-O f5 12. exf5 gxf5 13. Ng5 e4 14. f3 Bh6 15. Qd2 Ne5 16. Ngxe4
Nxc4 {0-1 Loeffler,W-Surborg,E/Wiesbaden 1998/EXT 2002}) (10... Na6 11. h3 $11)
11. Bxc5 $14 dxc5 {Black has the pair of bishops} 12. O-O Qe7 13. Rad1 Nf6 14.
Ne1 Ne8 15. Nd3 b6 16. f4 Nd6 {Black threatens to win material: Nd6xc4} 17. Nb1
(17. fxe5 Bxe5 18. Nxe5 Qxe5 $14) 17... Bd7 18. Nd2 Rae8 19. fxe5 Bxe5 20. Nf3
{White threatens to win material: Nf3xe5} Bg7 (20... f6 $5 $11 {
should be examined more closely}) 21. e5 $16 Nf5 22. Rfe1 (22. Rde1 f6 23. g4
fxe5 24. gxf5 e4 25. fxg6 Bf5 $16) 22... Bh6 23. Qf2 Qd8 (23... f6 24. e6 Bc8
25. b3 $14) 24. g4 $16 1/2-1/2

[Event "The Asheboro Open XVI"]
[Site "?"]
[Date "2006.09.09"]
[Round "2"]
[White "Xin, Samuel"]
[Black "Lang, Jonathan"]
[Result "0-1"]
[WhiteElo "1813"]
[BlackElo "1561"]
[Annotator "Fritz 9 (30s)"]
[PlyCount "50"]
[SourceDate "2006.11.11"]

{B22: Sicilian: 2 c3} 1. e4 c5 2. c3 d5 3. exd5 Qxd5 4. d4 cxd4 5. cxd4 Nc6 6.
Nf3 Bg4 7. Be2 e6 8. O-O O-O-O (8... Bb4 9. h3 Bh5 10. a3 Ba5 11. b4 Bd8 12.
Nc3 Qd6 13. d5 exd5 14. Nxd5 Nge7 15. Nf4 Qxd1 16. Rxd1 Bg6 17. Bb2 O-O 18.
Nxg6 Nxg6 19. Rd7 Rb8 20. Bc4 b5 21. Bd5 Nce7 22. Bb3 a5 23. h4 {
Olsar,J (2295)-Lisko,F (2315)/Slovakia 1998/EXT 99/1-0 (34)}) 9. Nc3 {
White threatens to win material: Nc3xd5} Qd7 $146 (9... Qh5 10. Be3 Bd6 11. g3
Nge7 12. Nb5 Bb8 13. a4 e5 14. Rc1 e4 15. Ne5 Bxe2 16. Rxc6+ Nxc6 17. Qc2 Bxe5
18. Rc1 Bxg3 19. fxg3 Bxb5 20. axb5 Qxb5 21. Qxe4 Rhe8 22. Qf4 Qe2 23. Qf5+ Rd7
24. Bf4 {Dalakas,I-Mathiopoulos,A/Iraklio 2002/EXT 2004/0-1}) (9... Qa5 10. Be3
$14) 10. Be3 $16 Bxf3 (10... Nge7 11. Qa4 Nd5 12. Nxd5 exd5 13. b4 Bxb4 14.
Rab1 Bxf3 15. Bxf3 $18) 11. Bxf3 Nxd4 $4 {
the position was bad, and this mistake simply hastens the end.} (11... Bd6 12.
Bxc6 Qxc6 13. d5 $18) 12. Bxd4 (12. Rc1 $142 {and White has reached his goal}
e5 13. Nb5+ Kb8 14. Nxd4 exd4 15. Bf4+ Bd6 16. Qxd4 $18) 12... Qxd4 $16 13. Qb3
Qb4 14. Qc2 {White has a king attack} (14. Nb5 $142 $5 Qxb3 15. axb3 $16) 14...
Kb8 $11 {White has an active position} 15. a3 {
White threatens to win material: a3xb4} Qb6 {Black has a cramped position} (
15... Qc4 16. Rad1 Be7 17. Rxd8+ Bxd8 18. Rc1 $11) 16. Rac1 Bd6 17. Na4 {
White threatens to win material: Na4xb6} Qc7 18. Qb3 Qe7 {
Black has a cramped position} (18... Bxh2+ 19. Kh1 Qe7 20. Nc5 $18) 19. Rfd1 {
White has a king attack} (19. Nc5 Bxc5 20. Rxc5 Nf6 $14) 19... Nf6 $11 20. Rc2
(20. Rc4 Rd7 $11) 20... Rd7 21. Rcd2 (21. Rdc1 $5 $15) 21... Rhd8 $17 22. Qe3
Nd5 23. Bxd5 exd5 24. Qf3 (24. Nc3 $5 Qxe3 25. fxe3 $17) 24... Qh4 $19 25. h3
$4 {sad, but how else could White save the game?} (25. Rd4 $142 Qxh2+ 26. Kf1
Qh1+ 27. Ke2 $19) 25... Qxa4 (25... Qxa4 26. Rxd5 Qc6 $19) 0-1

[Event "The Asheboro Open XV"]
[Site "Cincinnati,OH"]
[Date "2006.08.12"]
[Round "3"]
[White "Patrick, Van Alan"]
[Black "Timmel, John"]
[Result "1-0"]
[WhiteElo "2095"]
[BlackElo "2055"]
[Annotator "Fritz 9 (30s)"]
[PlyCount "83"]
[EventDate "1976.??.??"]
[SourceDate "2006.11.11"]

{A37: Symmetrical English vs ...g6: 4 Bg2 Bg7 5 Nf3} 1. c4 c5 2. Nc3 Nc6 3. g3
g6 4. Bg2 Bg7 5. Nf3 {The knight aims for Ng1-f3-d2-f1-e3-d5} e5 6. d3 Nge7 7.
Nd2 O-O (7... a6 8. Nf1 Rb8 9. Ne3 b5 10. Ned5 d6 11. Bg5 h6 12. Bxe7 Nxe7 13.
Nxe7 Qxe7 14. Bc6+ Kf8 15. O-O Bh3 16. Bg2 Bd7 17. Rb1 Kg8 18. Qd2 Kh7 19. a3
f5 20. Nd5 Qd8 21. b4 Re8 22. Rfc1 {
Karbowiak,A (2256)-Ksieski,Z (2383)/Polanica  Zdroj 2004/CBM 102 ext/0-1 (34)})
8. Nf1 d6 9. Ne3 Be6 $146 (9... Bh6 10. O-O Rb8 11. f4 exf4 12. Ned5 Nxd5 13.
cxd5 Ne5 14. gxf4 Ng4 15. e4 Bg7 16. Ne2 Re8 17. h3 Nf6 18. Ng3 h5 19. Bd2 h4
20. Ne2 c4 21. Bc3 b5 22. b4 Qe7 23. e5 Nh5 24. dxc4 {
Karlsson,L (2550)-De Firmian,N (2540)/Copenhagen 1985/MCD/1-0 (44)}) 10. Ned5 {
The knight dominates} Qd7 11. h4 h5 12. Rb1 Rab8 13. a3 {Controls b4} (13. Qa4
Kh8 $14) 13... Nd4 (13... b5 14. b4 $11) 14. e3 $14 {White threatens to win
material: e3xd4. White should quickly conclude development.} Ndf5 15. O-O Bxd5
16. cxd5 b5 17. b4 cxb4 (17... a6 18. Bb2 $14) 18. axb4 $16 {
Black has a new backward pawn: a7.} Rfc8 19. Bd2 Rc7 20. Qb3 Nc8 21. Rfc1 Nb6
22. Ne4 (22. Qa2 Rbc8 $16) 22... Ne7 (22... Rbc8 23. Rxc7 Rxc7 24. Ra1 $14) 23.
Ng5 Rbc8 24. Bh3 Rxc1+ 25. Bxc1 f5 26. e4 Na4 27. Bb2 (27. Bd2 Bh6 $18) 27...
Nxb2 28. Qxb2 Bf6 29. Ne6 Kf7 (29... Qb7 $5 $18) 30. Qd2 Qe8 $2 (30... Rh8 $18)
31. Ra1 Qd7 32. Qh6 Rh8 33. Qe3 Ra8 34. Qf3 Qb7 35. Rc1 Rc8 (35... Kg8 {
is not much help} 36. Rc7 Qb8 37. exf5 $18) 36. Rxc8 Qxc8 37. exf5 Qc1+ (37...
Qh8 {does not solve anything} 38. d4 exd4 39. fxg6+ Kxg6 40. Nf4+ Kf7 41. Nxh5
$18) 38. Kg2 Qh6 39. fxg6+ Qxg6 40. Kh2 Kg8 41. Nc7 Bg7 (41... a6 {
doesn't get the bull off the ice} 42. Nxa6 Kg7 43. Nc7 $18) 42. Nxb5 (42. Nxb5
Kh8 43. Be6 $18) 1-0

[Event "The Asheboro Open XV"]
[Site "Asheboro, NC"]
[Date "2006.08.12"]
[Round "2"]
[White "Timmel, John"]
[Black "Huang, Kevin"]
[Result "1-0"]
[WhiteElo "2050"]
[BlackElo "1728"]
[Annotator "Fritz 9 (30s)"]
[PlyCount "105"]
[EventDate "2006.08.22"]
[SourceDate "2006.11.11"]

{A08: King's Indian Attack} 1. e4 e6 2. d3 d5 3. Nd2 Nf6 4. Ngf3 c5 5. g3 Nc6
6. Bg2 Bd7 (6... Rb8 7. O-O Be7 8. Re1 b5 9. Qe2 a5 10. Nf1 Ba6 11. e5 Nd7 12.
h4 h6 13. N1h2 Nb6 14. h5 b4 15. c3 c4 16. d4 Na4 17. Qc2 Bb5 18. Be3 Na7 19.
Nd2 Bd7 20. Rab1 Qc7 21. f4 {
Matikozian,A (2467)-McEntee,T (2137)/Las Vegas 2004/CBM 100 ext/1/2-1/2 (43)})
7. O-O Be7 $146 (7... d4 8. Nc4 b5 9. Nce5 Be7 10. Nxc6 Bxc6 11. Ne5 Bb7 12.
Re1 O-O 13. Ng4 Nd7 14. f4 c4 15. Nf2 e5 16. fxe5 Nxe5 17. Ng4 Ng6 18. Qe2 Qc7
19. Bd2 f6 20. Rf1 Bd6 21. a3 a5 22. a4 {
Verendel,J-Fransson,O/Rodeby 1998/EXT 2002/1/2-1/2 (33)}) (7... Qc7 8. Re1 {
1/2-1/2 Mohr,G (2420)-Franic,M (2375)/Makarska 1994/EXT 97}) (7... b5 8. e5 Ng8
9. h4 Qb6 10. Re1 Be7 11. Nf1 h6 12. Bf4 Bd8 13. Qd2 a5 14. a3 Nge7 15. h5 Nf5
16. Rad1 Bc7 17. Ne3 Nfe7 18. Ng4 O-O-O 19. c3 a4 20. Qc2 Nf5 21. b3 axb3 22.
Qxb3 {Costa,J (2082)-Pinho,F (1911)/St Joao da Madeira 2003/EXT 2005/1-0 (51)})
8. Re1 O-O 9. e5 {White threatens to win material: e5xf6} Ne8 10. Nf1 f6 11.
exf6 Bxf6 12. c3 {Covers b4+d4} (12. Ne3 Nd6 $11) 12... d4 {
This push gains space} 13. c4 e5 14. h3 {Prevents intrusion on g4} (14. N3d2
Qc8 $15) 14... Nd6 $17 15. g4 h6 {White has a cramped position} 16. Ng3 Be8 {
Black has an active position} 17. Nd2 Rc8 18. Nde4 Nxe4 19. Bxe4 {
A comfortable square for the white bishop} b6 (19... Bh4 20. Nf5 $15) 20. Qf3
Ne7 21. Qg2 Bg6 (21... Bh4 22. Bd2 $15) 22. Nf5 $11 Kh8 23. Nxe7 Bxe4 24. Qxe4
(24. Rxe4 Qxe7 25. f4 g5 $11) 24... Qxe7 (24... Bxe7 25. Re2 Bd6 26. a4 $15)
25. f4 $11 {White threatens to win material: f4xe5} Rce8 26. f5 {
White gains space} Qf7 27. Bd2 Re7 (27... Bh4 28. Re2 $11) 28. b4 $14 {
Playing against the pawn chain} Rb8 29. bxc5 $2 {Black hallucinates his rook
is on b1! Next thing I know, the TD informs us of a fire! Well, maybe it was
just fumes afterall.} (29. b5 Bh4 30. Re2 Rbe8 $14) 29... bxc5 $11 30. Re2 Reb7
31. Rae1 Rb1 32. Kg2 Rxe1 (32... Qd7 33. Rxb1 Rxb1 34. Be1 $11) 33. Bxe1 $14 ({
Inferior is} 33. Rxe1 Rb2 34. Re2 Rxa2 $17) 33... Qb7 $2 (33... Kh7 $5 $14 {
is an interesting alternative}) 34. Qxb7 $16 Rxb7 35. Bg3 Kg8 (35... Rb1 36.
Bxe5 Rd1 37. Bd6 $16) 36. Kf3 $18 (36. Bxe5 $2 {
doesn't lead to the expected results} Re7 $19) 36... Re7 $2 (36... Rb1 $142 $5
37. Bxe5 Rd1 38. Bxf6 gxf6 $18) 37. Ke4 Rd7 38. Rb2 (38. Bxe5 $2 {
is no good because of} Bxe5 39. Rb2 Bd6 $19) 38... a6 $2 (38... Kf7 $18) 39.
Rb6 Kf7 40. Rxa6 (40. Rc6 {makes it even easier for White} Rb7 41. Rxc5 Rb2 42.
Bxe5 Rxa2 43. Rc7+ Ke8 44. Bxf6 gxf6 $18) 40... Rb7 41. Bxe5 Rb2 (41... Bxe5 {
is the last straw} 42. Kxe5 Re7+ 43. Re6 Ra7 $18) 42. Ra7+ Ke8 (42... Kg8 {
does not save the day} 43. Ra8+ Kh7 44. Bxf6 gxf6 45. Ra7+ Kg8 46. a4 Re2+ 47.
Kd5 Re5+ 48. Kd6 $18) 43. Bxf6 (43. Bd6 {might be the shorter path} h5 44. Bxc5
hxg4 45. hxg4 Rg2 $18) 43... Re2+ (43... gxf6 {there is nothing else anyway}
44. Kd5 Rd2 $18) 44. Kd5 gxf6 45. Kxc5 Re3 (45... Rh2 {doesn't do any good} 46.
Kxd4 Kd8 47. c5 $18) 46. Kxd4 Rxh3 (46... Rf3 {cannot change destiny} 47. c5 h5
48. c6 $18) 47. c5 Rg3 48. c6 Rxg4+ 49. Kd5 (49. Kc5 $142 $18 {
and White can already relax}) 49... h5 (49... Rg2 $18 {praying for a miracle})
50. Ke6 Kd8 (50... Rd4 {doesn't get the cat off the tree} 51. c7 Rd8 52. Rb7
Rc8 53. Rb8 Kf8 54. Rxc8+ Kg7 55. Rb8 Kh6 56. Kxf6 Kh7 57. c8=Q h4 58. Qh8#)
51. Rd7+ (51. c7+ Kc8 52. Kd6 Ra4 53. Rxa4 Kb7 54. Rb4+ Ka6 55. c8=Q+ Ka5 56.
Qc5+ Ka6 57. Qb6#) 51... Kc8 $18 52. Kxf6 h4 53. d4 (53. d4 h3 54. d5 $18) 1-0

[Event "The Asheboro Open XV"]
[Site "Cincinnati,OH"]
[Date "2006.08.12"]
[Round "1"]
[White "Williams, Larry"]
[Black "Timmel, John"]
[Result "0-1"]
[WhiteElo "1758"]
[BlackElo "2050"]
[Annotator "Fritz 9 (30s)"]
[PlyCount "48"]
[EventDate "2006.??.??"]
[SourceDate "2006.11.11"]

{A00: Irregular Openings} 1. g4 d5 2. Bg2 c6 3. h3 e5 4. d4 e4 5. Bf4 (5. c4
Na6 6. Nc3 Nc7 7. f3 f5 8. cxd5 cxd5 9. Qb3 Bd6 10. Kf1 Ne7 11. g5 Rb8 12. h4
b5 13. Nh3 Bd7 14. Bf4 Bc6 15. e3 Ne6 16. Ne2 Ng6 17. Rc1 Rb6 18. Rxc6 Rxc6 19.
Qxd5 Qd7 {Basman,M (2390)-King,D (2435)/Brighton 1984/EXT 99/1/2-1/2 (61)})
5... Ne7 (5... Bd6 6. Be3 Ne7 7. Qd2 Nd7 8. a4 a5 9. b3 Ng6 10. f3 Nh4 11. Bf1
Bg3+ 12. Kd1 f6 13. fxe4 dxe4 14. Bf4 Bf2 15. Be3 Bxe3 16. Qxe3 Qe7 17. Qg3 f5
18. e3 g5 19. gxf5 Nxf5 20. Qe1 {
Karasek,C-Renner,M/Bayern 1999/EXT 2001/0-1 (61)}) 6. e3 Ng6 7. Bg3 Nh4 $146 (
7... Be7 8. Ne2 Nh4 9. Bxh4 Bxh4 10. Nf4 O-O 11. Nc3 f5 12. Rf1 Bg5 13. gxf5
Bxf4 14. exf4 Bxf5 15. Qd2 Nd7 16. O-O-O Nb6 17. Ne2 Nc4 18. Qc3 a5 19. Ng3 Qd6
20. Ne2 a4 21. Rg1 Ra6 22. Qg3 {
Vromans,N-Comp Mephisto Berlin/The Hague 1994/EXT 99/0-1}) 8. Bf1 Bd6 (8... Be6
9. Nd2 $17) 9. Bxd6 Qxd6 10. Nd2 O-O 11. c3 f5 12. Qb3 f4 (12... Qe7 $142 $17)
13. Nxe4 $2 (13. O-O-O $142 {and White is still in the game} Kh8 14. Ne2 fxe3
15. fxe3 $17) 13... Qe7 $19 14. Bd3 (14. Nc5 fxe3 15. f3 Nxf3+ 16. Nxf3 Rxf3
$19) 14... Kh8 15. Nc5 $2 (15. Qb4 Qxb4 16. cxb4 dxe4 17. Bxe4 $19) 15... Ng2+
16. Kf1 (16. Kd1 {is not much help} fxe3 17. f3 b6 $19) 16... fxe3 17. f3 (17.
Bf5 {is no salvation} Bxf5 18. Kxg2 exf2 $19) 17... Qh4 (17... Nf4 {
might be the shorter path} 18. c4 b6 19. Ne4 $19) 18. Qc2 Nf4 19. Qh2 (19. Re1
{hoping against hope} b6 20. Rxe3 bxc5 21. Qf2 $19) 19... b6 20. Be2 (20. Ne2 {
does not help much} bxc5 21. Nxf4 Rxf4 $19) 20... bxc5 21. dxc5 (21. Re1 {
is not the saving move} Nd7 $19) 21... Nxe2 (21... Nd7 $142 {nails it down} 22.
Bc4 Nxc5 23. Ne2 Nxh3 24. Qg3 Qxg3 25. Nxg3 Rxf3+ 26. Kg2 Bxg4 27. Rxh3 Rf2+
28. Kg1 Bxh3 29. Bf1 Bxf1 30. Nxf1 $19) 22. Kxe2 Ba6+ 23. Kxe3 Nd7 24. f4 (24.
Rd1 {what else?} Rab8 25. b3 $19) 24... Rae8+ (24... Rae8+ 25. Kd2 Qe7 $19) 0-1